000
00331nam a2200133Ia 4500
008
191201s2008 xx 000 0 und d
082
_a
620.11
_b
GUM
100
_a
GUPTA, K M
245
0
_a
Material Science and Engineering
260
_a
N.Delhi
_b
Umesh Publications
_c
2008
300
_a
701
650
_a
B.Tech(ME)
942
_2
ddc
_c
BK
999
_c
4014
_d
4014